Ils ont marqué 2 buts ou plus à la coupe du monde 2006 - Statistiques

Statistiques générales
  • Ce quiz a été pris 40 fois
  • Le résultat moyen est 11 sur 26
Statistiques - réponses
But(s) Pays Réponse % Correct
3 France Zinedine Zidane
97%
5 Allemagne Miroslav Klose
92%
3 Brésil Ronaldo
92%
3 Espagne David Villa
86%
3 France Thiery Henry
86%
3 Allemagne Lukas Podolski
70%
3 Espagne Fernando Torres
68%
3 Argentine Hernan Crespo
59%
2 Angleterre Steven Gerrard
51%
2 Italie Luca Toni
49%
2 Australie Tim Cahill
46%
2 Italie Marco Materazzi
41%
2 France Patrick VIeira
35%
2 Suisse Alexander Frei
32%
2 Brésil Leito Adriano
32%
2 Allemagne Bastian Schweinsteiger
30%
3 Argentine Maxi Rodriguez
30%
2 Portugal Maniche
27%
2 Rép. Tchèque Tomas Rosicky
27%
2 Costa Rica Paulo Cesar Wanchope
14%
2 Équateur Agustin Delgado
11%
2 Côte d'Ivoire Aruna
11%
2 Ukraine Andreï Chevtchenko
5%
2 Pologne Bartosz Bosacki
3%
2 Équateur Carlos Tonario
0%
2 Italie Omar Bravo
0%
Aucun quiz correspondant
Distribution des résultats
% des personnes avec chaque résultat
Percentile par nombre de réponses
Votre historique - résultats
Vous n’avez pas pris ce quiz